000 00533nam a22001817a 4500
005 20251108171015.0
008 250721s1997 xx 000 0 ara d
082 1 4 _a927.5/زري
100 1 _aأبو زريق، محمد
245 1 0 _aتشكيليون أردنيون معاصرون :
_bقراءات بصرية /
264 1 _aعمان :
_bدار البشير،
_c1997.
300 _a216ص
650 1 7 _aالرسامون
650 1 7 _aالأردن
650 1 7 _aالفن التشكيلي
942 _2ddc
_cBK
999 _c54208
_d54208